000 00709nam a22002417a 4500
001 42637
003 UA-OsUOA
005 20210504194653.0
007 ta
008 20061113b un ||||| |||| 00| 0 ukr d
040 _aUA-OsUOA
_brus
_cUA-OsUOA
_dUA-OsUOA
041 _arus
080 _a82-94
090 _a82-94
_bС 77
100 _aСтарицкий М.
245 _aБогдан Хмельницкий
_bтрилогия
_nч. 2
_pБуря
260 _aК.
_bДніпро
_c1987
300 _a570 с.
650 7 _a82 Література. Літературознавство
_2UDC
942 _cBK
_2udc
955 _a3
999 _c328779
_d328779